Фильмы с Брэдом Питтом - Армагеддон - Statistics

General Stats
  • This quiz has been taken 36 times
  • The average score is 8 of 20
Answers on the Grid
Answers color-coded by a green-red scale on the quiz's grid according to % correct below.
Игра на понижение
Семь
Одинокий мужчина
Американское преступление
Загадочная история Бенджамина Баттона
Ярость
Крысиные бега
Бесславные ублюдки
Почтальон
Бегущий за ветром
Мексиканец
Падение "Чёрного ястреба"
Не в себе
Бездна
Однажды в Голливуде
Бойцовский клуб
Инферно
После прочтения сжечь
Три билборда на границе Эббинга, Миссури
12 лет рабства
Баллада Бастера Скраггса
Информаторы
Легенды осени
Стекло
К звёздам
Быстрее пули
Елизавета
Великий Гэтсби
Знакомьтесь, Джо Блэк
Вавилон
Одиннадцать друзей Оушэна
Социальная сеть
Тельма и Луиза
Джон Ф. Кеннеди. Выстрелы в Далласе
Гравитация
12 обезьян
Война миров Z
Отрочество
Ирландец
Большой куш
 
Answer Stats
Answer % Correct
Бойцовский клуб
71%
Загадочная история Бенджамина Баттона
68%
Однажды в Голливуде
68%
Бесславные ублюдки
68%
Семь
65%
Одиннадцать друзей Оушэна
58%
Знакомьтесь, Джо Блэк
55%
Большой куш
48%
12 лет рабства
39%
Война миров Z
39%
Ярость
35%
12 обезьян
32%
Мексиканец
29%
Быстрее пули
29%
После прочтения сжечь
26%
Вавилон
23%
Игра на понижение
19%
Легенды осени
19%
К звёздам
16%
Тельма и Луиза
13%
No matching quizzes found
Score Distribution
Percent of People with Each Score
Percentile by Number Answered
Your Score History
You have not taken this quiz